01365 a2200181 4500001000500000005001700005008004100022003001500063040004000078080006200118245007000180020002200250264005200272300001900324505064900343100003400992856015701026228820260407155423.0260407a2008 arg spa dAR-UNSa-BCEJYS aAR-UNSa-BCEJYSbspacAR-UNSa-BCEJYS a351xFunciones propias de la administración pública 10aResponsabilidad extracontractual de la administración pública a978-950-727-949-2 1aBuenos Aires :bRubinzal-Culzoni Editoresc2008 a582 p.c22 cm. a1. La evolución de la responsabilidad patrimonial del Estado - 2. El fundamento de la responsabilidad del Estado - 3. Caracteres de la responsabilidad patrimonial de la administración pública - 4. Régimen jurídico de la responsabilidad patrimonial de la administración pública - 5. Los presupuestos de la responsabilidad patrimonial de la administración pública - 6. Causas de imputación de responsabilidad a la administración pública. Las normas aplicables en el derecho argentino - 7. Régimen aplicable a la responsabilidad de la administración por daños con intervención de bienes públicos de uso común 1 aAmenábar, María del Pilar41uhttps://biblioeco.unsa.edu.ar/pmb/images/libros/Responsabilidad extracontractual de la administracion publica-l118259.jpgyImagen de portadaqimage/jpeg